Squid game players name - Statistics

General Stats
  • This quiz has been taken 410 times
    407 since last reset
  • The average score is 11 of 16
Answer Stats
Hint Answer % Correct
#333 Myung-Gi
94%
#456 Gi-hun
90%
#230 Thanos
87%
#120 Hyun-ju
82%
#380 Se-mi
82%
#125 Min-su
80%
#388 Dae-Ho
77%
#222 jun-hee
74%
#124 Nam-gyu
71%
#390 Jung bae
67%
#149 Geum-ja
56%
#007 Yong-sik
55%
#001 Frontman
47%
#333 MGcoin
35%
#044 Seon-nyeo
33%
#246 Gyeong-SEOK
31%
No matching quizzes found
Score Distribution
Percent of People with Each Score
Percentile by Number Answered
Your Score History
You have not taken this quiz since the last reset